000
00315nam a22001337a 4500
999
_c
15375
_d
15375
020
_a
9788126408146
082
_a
920.894 812 ANI/JE
100
_a
Aniyan, K. S
_9
3058
245
_a
Jeevithamenna Atbhutham
260
_a
Kottayam
_b
D.C Books
_c
2017
300
_a
243
650
_a
Malayalam Memoir
_9
3057
942
_c
BK